| 000 | 00659nam a2200181 i 4500 | ||
|---|---|---|---|
| 001 | 90321 | ||
| 003 | ES-MaACL | ||
| 007 | t| | ||
| 008 | 050119m19491954sp ||||1| spa d | ||
| 245 | 0 | 0 |
_aLegislación de Farmacia vigente en España / _crecopilada por Macario Blas y Manada. |
| 250 |
_a3ª ed. _bpuesta al día por Antonio Blas y Alvarez. |
||
| 260 |
_aMadrid : _bEl Monitor de la Farmacia y de la Terapéutica, _c1949-1954 ( _fEugenio Sánchez Leal) |
||
| 300 |
_a2 v. ; _c19 cm. |
||
| 500 | _aEl vol. 2 es Apéndice. | ||
| 700 | 1 |
_aBlas y Manada, Macario. _929356 |
|
| 700 | 1 |
_aBlas y Alvarez, Antonio. _929355 |
|
| 852 |
_aES-MaACL _jC-8416-17 _bR.26660 |
||
| 999 |
_c90321 _d90321 |
||